Ավտոտրանսպորտում արտադրանքի միասնական նորմաները և ավտոմոբիլների շոֆերների աշխատանքի վարձատրումը / (Record no. 226163)
[ view plain ]
| 000 -LEADER | |
|---|---|
| fixed length control field | 01013nam a2200205 u 4500 |
| 001 - CONTROL NUMBER | |
| control field | 000570568 |
| 003 - CONTROL NUMBER IDENTIFIER | |
| control field | AM-YeHGA |
| 005 - DATE AND TIME OF LATEST TRANSACTION | |
| control field | 20250617140745.0 |
| 008 - FIXED-LENGTH DATA ELEMENTS--GENERAL INFORMATION | |
| fixed length control field | 080305|1960 ai | |||||||||||||arm|d |
| 040 ## - CATALOGING SOURCE | |
| Original cataloging agency | AM-YeHGA |
| 041 1# - LANGUAGE CODE | |
| Language code of text/sound track or separate title | arm |
| 090 ## - LOCALLY ASSIGNED LC-TYPE CALL NUMBER (OCLC); LOCAL CALL NUMBER (RLIN) | |
| -- | 227705 |
| 245 00 - TITLE STATEMENT | |
| Title | Ավտոտրանսպորտում արտադրանքի միասնական նորմաները և ավտոմոբիլների շոֆերների աշխատանքի վարձատրումը / |
| Statement of responsibility, etc. | Խմբ.՝ Հ. Կարապետյան; Թարգմ.՝ Ա. Դարբինյան; ՀՍՍՌ Ավտոմոբիլ. տրանսպորտի մին. |
| 260 ## - PUBLICATION, DISTRIBUTION, ETC. | |
| Place of publication, distribution, etc. | Երևան : |
| Name of publisher, distributor, etc. | ՀՍՍՌ Կուլտ. մին. հրատ., |
| Date of publication, distribution, etc. | 1960. |
| 300 ## - PHYSICAL DESCRIPTION | |
| Extent | 37 էջ : |
| Other physical details | աղյս. ; |
| Dimensions | 26 սմ. |
| 650 14 - SUBJECT ADDED ENTRY--TOPICAL TERM | |
| Topical term or geographic name entry element | Ավտոմոբիլների տեխնիկական շահագործում |
| 700 1# - ADDED ENTRY--PERSONAL NAME | |
| Personal name | Կարապետյան, Հ. |
| Relator term | խմբ. |
| Relationship | edt |
| 700 1# - ADDED ENTRY--PERSONAL NAME | |
| Personal name | Դարբինյան, Ա. |
| Relator term | թարգմ. |
| Relationship | trl |
| 710 2# - ADDED ENTRY--CORPORATE NAME | |
| Corporate name or jurisdiction name as entry element | Ավտոմոբիլային տրանսպորտի մինիստրություն ՀՍՍՌ |
| Withdrawn status | Lost status | Damaged status | Not for loan | Collection | Home library | Current library | Date acquired | Total checkouts | Full call number | Barcode | Date last seen | Price effective from | Koha item type | Public note |
|---|---|---|---|---|---|---|---|---|---|---|---|---|---|---|
| General | Fundamental Scientific Library | Fundamental Scientific Library | 28/12/2016 | AIII/538 | FL0051006 | 28/12/2016 | 28/12/2016 | Գրքեր / Books | 30 Days Loan | |||||
| General | Fundamental Scientific Library | Fundamental Scientific Library | 28/12/2016 | AIII/539 | FL0051007 | 28/12/2016 | 28/12/2016 | Գրքեր / Books | 30 Days Loan |
ՀՀ Գիտությունների ազգային ակադեմիայի հիմնարար գիտական գրադարան = Fundamental Scientific Library of NAS RA
All site content, except where otherwise noted, is licensed under a